| 000 | 00939nam a22002657a 4500 | ||
|---|---|---|---|
| 001 | 4134 | ||
| 003 | FISKH | ||
| 005 | 20240611104833.0 | ||
| 008 | 240611b cb ||||| |||| 00| 0 eng d | ||
| 020 | _a9781407147826 | ||
| 040 |
_aFISKH _beng _cFISKH _dFISKH |
||
| 050 | _aPZ7.S96694 | ||
| 082 | _a813.6 | ||
| 100 |
_aT. Sutherland Tui _d1978- |
||
| 245 |
_aThe dark secret / _cTui T. Sutherland |
||
| 260 |
_aNew York : _bScholastic, _c2014 |
||
| 300 |
_a329 pages : _c21 cm |
||
| 505 | _aF | ||
| 520 | _aWhen Starflight, one of the dragonets of destiny, is kidnapped by the NightWings he finds that the kingdom of his birth is a miserable place, full of terrible secrets--and that, with his fellow dragonets too far away to help, the fate of two kingdoms rests in his talons. | ||
| 521 | 8 |
_a380
_bLexile |
|
| 521 | 8 |
_aF
_bRaz-Plus |
|
| 700 | _aTui T. Sutherland | ||
| 942 |
_2ddc _cBK _n0 |
||
| 999 |
_c4134 _d4134 |
||